[Event "Staufer Seniors op 12th"]
[Site "Schwaebisch Gmuend"]
[Date "2006.01.07"]
[Round "8"]
[White "Paulsen, Eckart"]
[Black "Galinec, Tomo"]
[Result "1-0"]
[WhiteElo "1683"]
[BlackElo "1636"]
[PlyCount "123"]
[EventDate "2006.01.02"]
[EventType "swiss"]
[EventRounds "9"]
[EventCountry "GER"]
[SourceTitle "EXT 2007"]
[Source "ChessBase"]
[SourceDate "2006.11.23"]
[SourceVersion "1"]
[SourceVersionDate "2006.11.23"]
[SourceQuality "1"]

1. e4 e5 2. Nf3 Nc6 3. Nc3 Bc5 4. Na4 Qe7 5. Nxc5 Qxc5 6. c3 d5 7. b4 Qd6 8. exd5 Qxd5 9. Qb3 Qe4+ 10. Be2 Be6 11. Qd1 Bd5 12. d3 Qg6 13. 0-0 a6 14. Qd2 h6 15. c4 Bxf3 16. Bxf3 Nge7 17. Bb2 0-0-0 18. Rad1 f6 19. b5 axb5 20. cxb5 Nd4 21. Bxd4 Rxd4 22. Qa5 Rhd8 23. Rc1 c6 24. bxc6 bxc6 25. Bxc6 Nxc6 26. Rxc6+ Kd7 27. Qc7+ Ke8 28. f4 Kf8 29. fxe5 R4d7 30. Qb6 Qxd3 31. exf6 Qd4+ 32. Qxd4 Rxd4 33. fxg7+ Kxg7 34. h3 Rd2 35. a4 Ra8 36. Rf4 h5 37. Rb4 Ra2 38. Rcc4 Ra5 39. Rc7+ Kg6 40. Rc6+ Kg5 41. Rb5+ Rxb5 42. axb5 Rb2 43. Rb6 Kf4 44. Rb8 Ke5 45. b6 Kd6 46. Kh2 Rb4 47. Kg3 Rb3+ 48. Kf4 Kc6 49. g3 Rb4+ 50. Kg5 Rd4 51. g4 hxg4 52. hxg4 Rb4 53. Kg6 Kd7 54. Kh6 Ke7 55. Kg5 Rb5+ 56. Kh6 Rb2 57. b7 Kf6 58. g5+ Kf7 59. Kh5 Rh2+ 60. Kg4 Rb2 61. Rh8 Kg7 62. b8Q 1-0